Physics (Record no. 13006)

MARC details
000 -LEADER
fixed length control field 00521nam a2200181Ia 4500
003 - CONTROL NUMBER IDENTIFIER
control field IN-BaIIA
008 - FIXED-LENGTH DATA ELEMENTS--GENERAL INFORMATION
fixed length control field 211028s9999 xx 000 0 eng d
020 ## - INTERNATIONAL STANDARD BOOK NUMBER
International Standard Book Number 0-13-672411-6
040 ## - CATALOGING SOURCE
Transcribing agency IIA Library
080 ## - UNIVERSAL DECIMAL CLASSIFICATION NUMBER
Universal Decimal Classification number 53
Item number GIA
100 ## - MAIN ENTRY--PERSONAL NAME
Personal name Giancoli, Douglas C.
9 (RLIN) 22843
245 #0 - TITLE STATEMENT
Title Physics
Remainder of title principles with applications
Statement of responsibility, etc. Douglas C. Giancoli
250 ## - EDITION STATEMENT
Edition statement 5th ed.
260 ## - PUBLICATION, DISTRIBUTION, ETC.
Place of publication, distribution, etc. New Jersey
Name of publisher, distributor, etc. Prentice-Hall
Date of publication, distribution, etc. 1998
300 ## - PHYSICAL DESCRIPTION
Extent xxiii, 1096p.
650 ## - SUBJECT ADDED ENTRY--TOPICAL TERM
Topical term or geographic name entry element Physics
9 (RLIN) 73
942 ## - ADDED ENTRY ELEMENTS (KOHA)
Koha item type Books
Holdings
Withdrawn status Lost status Damaged status Not for loan Home library Current library Shelving location Date acquired Source of acquisition Cost, normal purchase price Total Checkouts Full call number Barcode Date last seen Cost, replacement price Price effective from Koha item type Purchase Price
        IIA Library-Bangalore IIA Library-Bangalore General Stacks 15/06/1999 JAI1 1102.50   53/ GIA 13923 05/11/2021 1102.50 15/06/1999 Books Rs. 1102.50

Powered by Koha